| 000 | 00617nam a22001577a 4500 | ||
|---|---|---|---|
| 003 | NUST | ||
| 005 | 20230123090746.0 | ||
| 008 | 230123b ||||| |||| 00| 0 eng d | ||
| 082 | _a371.302812,LEG | ||
| 245 |
_aAcademic English: Skills for Success / _cMiranda Legg, Kevin Pat, Steve Roberts |
||
| 250 | _aSecond Edition | ||
| 260 |
_aHong Kong _bUniversity Press _c2014 |
||
| 300 | _axi, 191p. | ||
| 505 | _aIntroduction for students (Page-1), Health (Page-1), Global Issues (Page-31), Ethics (Page-61), China and Asia (Page-87), Values (Page-113), Academic Speaking (Page-134). | ||
| 942 |
_2ddc _cBK _k371.302812,LEG |
||
| 999 |
_c592971 _d592971 |
||